| 000 | 02870nam0a2200421 4500 | ||
|---|---|---|---|
| 001 | RU\NLR\BIBL_A\012662392 | ||
| 005 | 20220520133053.0 | ||
| 010 |
_a978-5-8088-1535-3 _9400 |
||
| 021 |
_aRU _bКН-П-21-049286 _9КН-П-21-3880 |
||
| 035 | _a(NLR Aleph) 012662392 | ||
| 090 |
_a12759768 _c12759768 |
||
| 100 | _a20211209d2021 u y0rusy50 ca | ||
| 101 | 0 |
_arus _aeng |
|
| 102 | _aRU | ||
| 105 | _aach|z|||010zc | ||
| 181 | 0 |
_ai3 _bab2e |
|
| 182 | 0 | _an | |
| 200 | 1 |
_aСозидатели будущего _dMaking the future _e80 лет высоких технологий и инноваций _fЮ. А. Антохина, А. А. Оводенко, А. П. Лукошкин _gМинистерство науки и высшего образования Российской Федерации, Федеральное государственное автономное образовательное учреждение высшего образования "Санкт-Петербургский государственный университет аэрокосмического приборостроения" _zeng |
|
| 203 |
_aТекст _bвизуальный _cнепосредственный |
||
| 210 |
_aСанкт-Петербург _cГУАП _d2021 |
||
| 215 |
_a479 с. _cил., цв. ил., портр., факс. _d30 |
||
| 300 | _aАвт. также на англ. яз.: Yulia A. Antokhina, Anatoly A. Ovodenko, Anatoy P. Lukoshkin | ||
| 300 | _aНа с. 103 и с. 365 авт.: Ю. А. Антохина - д-р экон. наук, проф., А. А. Оводенко - д-р техн. наук, проф., заслуж. деятель науки РФ, действ. чл. Междунар. акад. наук высш. шк. | ||
| 300 | _aЧасть текста на англ. яз. | ||
| 510 | 1 |
_6z11790 _aMaking the future _zeng |
|
| 601 | 0 | 2 |
_aСанкт-Петербургский государственный университет аэрокосмического приборостроения _2nlr_sh2 _3RU\NLR\AUTH\661344238 |
| 686 | 1 | _aЧ488.759.844(2)7 | |
| 700 | 1 |
_aАнтохина _bЮ. А. _f1976- _gЮлия Анатольевна _3RU\NLR\AUTH\770240143 |
|
| 701 | 1 |
_aОводенко _bА. А. _f1947- _gАнатолий Аркадьевич _3RU\NLR\AUTH\770156227 |
|
| 701 | 1 |
_aЛукошкин _bА.П. _f1929- _gАнатолий Петрович |
|
| 712 | 0 | 2 |
_aСанкт-Петербургский государственный университет аэрокосмического приборостроения _3RU\NLR\AUTH\8824043 _4475 |
| 790 | 1 |
_6z11510 _aAntochina _bJ. A. _f1976- _gJulija Anatol'evna _3RU\NLR\AUTH\770240145 |
|
| 942 | _cBOOK | ||
| 980 | _aNB | ||